01012nam a2200241 a 450000100100000000500170001000800410002704000250006808200180009310000300011124000420014124501110018326000540029430000280034853400660037665000390044265000630048165000390054470000390058304900090062295201220063199900170075300002208120200930011556.0100916s1969 mx a 000 0 spa d aDO-SdBNPbspacBNPHU a927.73bL412f1 aLavine, Sigmuno A.94574410aFamous american architectslEspañol10aFamosos arquitectos norteamericanos /cSigmuno A. Lavine ; versión española Francisco Gómez Palacio. aMéxico, D. F. :bEditorial Limusa-Wiley,c1969. a179 p. :bil. ;c19 cm. aTítulo de la obra en inglés :tFamous american architects 4aArquitectos estadounidenses945745 4aArquitectos estadounidensesySIGLO XXxBiografías945746 4aArquitectura estadounidense9457471 aGómez Palacio, Francisco,941542 aBNGR 001054708MOaGRbGRcCTd2010-09-16iLF1l0o927.73 L412fp22081-10r2020-06-25w2020-06-25y4ZPréstamo en sala c21579d21579